01000nam a2200253 i 450000100060000000300090000600500170001500700030003200800410003508000190007608000320009510000340012724502030016126000420036430000460040650400320045260000320048460000340051661000570055070000350060771000320064285200510067485200210072518187ES-MaACL20240118221947.0t|011004s1967 fr ||||1| spa d a946.0"1936/39" a329(460) Falange Española1 aSouthworth, Herbert Rutledge.10aAntifalange b: estudio crítico de "Falange en la guerra de España, la unificación y Hedilla", de Maximiano García Venero / cHerbert Rutledge Southworth ; traducción de José Martínez. a[Paris] : bRuedo Ibérico, c[1967] aXXIV, 287 p., [32] p. de lám ; c23 cm. aBibliografía: p. 269-278.14aGarcía Venero, Maximiano.14aHedilla, Manuel (d1902-1970)24aFalange Española Tradicionalista y de las J.O.N.S.1 aMartínez, José,d1921-19862 aÉditions Ruedo ibérico. aES-MaACLjAND-118 z- Biblioteca Juan Andrade. aES-MaACLjL-2762